रामायण : (Record no. 122179)

MARC details
000 -LEADER
fixed length control field 00881nam a22002297a 4500
010 ## - LIBRARY OF CONGRESS CONTROL NUMBER
LC control number B-231637
020 ## - INTERNATIONAL STANDARD BOOK NUMBER
Terms of availability 650.00
International Standard Book Number 8187471379
035 ## - SYSTEM CONTROL NUMBER
System control number B-231637
037 ## - SOURCE OF ACQUISITION
Source of stock number/acquisition Cen Lib / Ret
040 ## - CATALOGING SOURCE
Original cataloging agency DPL
Language of cataloging HN
082 ## - DEWEY DECIMAL CLASSIFICATION NUMBER
Classification number 230.2
Item number राहुल
245 ## - TITLE STATEMENT
Title रामायण :
Statement of responsibility, etc राहुल
Remainder of title मूल कथा /
246 ## - VARYING FORM OF TITLE
Title proper/short title Ramayan : mool katha /
Remainder of title by Rahul
260 ## - PUBLICATION, DISTRIBUTION, ETC. (IMPRINT)
Place of publication, distribution, etc नई दिल्ली
Name of publisher, distributor, etc स्टैण्डर्ड पब्लिशर्स
270 ## - ADDRESS
Address जी-126/2, स्ट्रीट न. 26, राजापुरी मेन रोड उतम नगर
City नई दिल्ली
Postal code 110059
300 ## - PHYSICAL DESCRIPTION
Extent v.1. 253p. ; v.3. 250p. ;
650 ## - SUBJECT ADDED ENTRY--TOPICAL TERM
Topical term or geographic name as entry element Ramayanaa.
650 ## - SUBJECT ADDED ENTRY--TOPICAL TERM
Topical term or geographic name as entry element Hindu philosophy.
650 ## - SUBJECT ADDED ENTRY--TOPICAL TERM
Topical term or geographic name as entry element रामायण
650 ## - SUBJECT ADDED ENTRY--TOPICAL TERM
Topical term or geographic name as entry element हिंदू दर्शन
942 ## - ADDED ENTRY ELEMENTS (KOHA)
Source of classification or shelving scheme Dewey Decimal Classification
Koha item type Hindi Books
Classification part 230.2
Call number suffix राहुल
Holdings
Withdrawn status Lost status Materials specified (bound volume or other part) Damaged status Not for loan Home library Current library Date acquired Source of acquisition Cost, normal purchase price Total Checkouts Full call number Barcode Date last seen Date checked out Cost, replacement price Price effective from Koha item type
    v.3     Central Library Central Library 05/03/2016 Cen Lib/Ret 650.00 4 230.2 राहुल B-231637 26/11/2018 22/11/2018 650.00 27/07/2016 Hindi Books
    v.1     Central Library Central Library 05/03/2016 Cen Lib/Ret 650.00 1 230.2 राहुल B-231571 23/01/2024 09/01/2024 650.00 05/03/2016 Hindi Books

© Delhi Public Library
Hit Counter
free hit counter